000 01220nam a22002537a 4500
999 _c111845
_d111845
005 20181115172912.0
010 _aB-168997, B-169028
020 _c00.00
_a8173917221
035 _aB-168997, B-169028
037 _bCen Lib/Ret
082 _a070.4
_bसिन्हाअ
100 _aसिन्हा, अनिल
245 _aहिंदी पत्रकारिता :
_cअनिल सिन्हा
_bइतिहास,स्वरुप और संभावनाएं /
246 _aHindi patrkarita : itihas,swaroop aur sambhavnaaen /
_bby Anil Sinha
260 _bकनिष्क पब्लिशर्स
_aनई दिल्ली
_c2005
270 _a4697/5-21A, अंसारी रोड, दरियागंज
_bनई दिल्ली
_e110002
300 _aviii,197पृ.
_c21सेमी (सजिल्द)
650 _aहिंदी पत्रकारिता
650 _aपत्रकारिता -- इतिहास-स्वरुप
650 _aHindi journalism
650 _aJournalism -- History -nature
942 _2ddc
_cHN
_h070.4
_mसिन्हाअ